1789 1044 1701 1274 1952 1471 1264 1655 1268 1464 1428 1036 1664 1919 1606 1314 1862 1132 1607 1280 1932 1543 1633 1634 1094 1857 1344 1546 1184 1188 1242 1186 1861 1667 1725 1025 1699 1853 1767 1234 1584 1383 1983 1937 1393 1958 1627 1739 1462 1955 1353 1843 1549 1383 1180 1177 1707 1692 1489 1858 1753 1517 1959 1867 1662 1607 1803 1066 1144 1668 1066 1089 1405 1464 1410 1776 1136 1542 1549 1516 1231 1225 1573 1385 1742 1043 1898 1583 1915 1196 1368 1487 1264 1600 1439 1023 1239 1704 1541 BCNSPRNW ULIB Ver.6.0+V

เปลี่ยนเป็นภาษาไทย

Change to English
 แสดงรายละเอียดบรรณานุกรม
  กลับหน้าหลัก

Brief Record : Get Marc (ISO 2709) : E-mail record : QR code < ปิดหน้าต่าง
LEADER : 00000nam 2200000uu 4500
001    13399121943
003     ULIB
008    121214s2545||||th 000 0 tha d
020    ^a9789747597554
090    ^aนว.^bท459ฮ
100    ^aเจ.อาร์.อาร์.โทลคีน
245    ^aฮอบบิท/^cเจ.อาร์.อาร์.โทลคีน
260    ^aกรุงเทพฯ :^bแพรวเยาวชน,^c2545
300    ^a363 หน้า
945    ^p245^l0^i014806
995    ^aวิภา
999 ^a ทศพร
รายการนี้ยังไม่มีแท็ก
คุณยังไม่ได้ล็อกอิน คุณสามารถมีกิจกรรมร่วมกับเว็บไซต์ได้ แต่ต้องล็อกอินก่อน ::
  ล็อกอิน

รายการสื่อสารสนเทศ

ลำดับที่ ประเภท เลขเรียก/บาร์โค้ด สถานที่ สถานะ
1. นวนิยาย
นวนิยาย
นว. ท459ฮ  
  Barcode: 014806
ห้องสมุดวิทยาเขตสวรรค์ประชารักษ์
►นวนิยาย
บนชั้น
  ขอยืม

BibComment

คอมเมนท์ทรัพยากรรายการนี้
  คอมเมนท์: ฮอบบิท เจอาร์อาร..
   [แสดง 1/1 รายการ]
นางสาวนุชศรา พรมชัย
สนุกมาก  กับเรื่องราวการผจญภัยที่น่าตื่นเต้น
อ่านเวลาว่าง  ฝึกสมาธิ  เพิ่มจินตนาการ

#1 
เมื่อ 14:21 14/มิถุนายน/2556 (13 ปี 17 วันที่แล้ว) แจ้งลบ
   [แสดง 1/1 รายการ]
คอมเมนท์ทรัพยากรรายการนี้
  คอมเมนท์: ฮอบบิท เจอาร์อาร..

สมาชิกที่บันทึกรายการนี้ไว้ในรายการโปรด
นางสาวนุชศรา พรมชัย

 Copyright 2026. Bcnsprnw @Library